000 00657cam a22002411 4500
001 sa 67004407
003 DLC
005 20260227112346.0
008 881102s1966 xx 000 0 gujo
010 _asa 67004407
035 _a(OCoLC)23538171
040 _aDLC
_cMiU
_dDLC
042 _apremarc
050 0 0 _aPK1850.5
_b.T5
100 1 _aThaker, Bharatkumar D.,
_d1941-
245 1 0 _aSāḍatrīsa sāhityika nibandho.
260 _c[1966]
300 _a8, 524 p.
_c19 cm.
500 _aRomanized.
650 0 _aGujarati literature
700 1 _aBhatt, Ramesh M.,
_d1935-
_ejoint author.
700 1 _aPatel, Chandubhai F.,
_d1935-
_ejoint author.
999 _c74454
_d74454